| 000 | 00908nam a2200217 4500 | ||
|---|---|---|---|
| 003 | CO-ViMGA | ||
| 020 | _a9789585808515 | ||
| 040 |
_aCO-ViMGA _bspa _cCO-ViMGA |
||
| 082 | 0 | 4 |
_a741.642 _bS14a |
| 100 | 1 |
_aSalisbury, Martin _98813 |
|
| 245 | 1 | 0 |
_aEl arte de ilustrar libros infantiles : _bconcepto y práctica de la narración visual / _cMartin Salisbury, Morag Styles ; traducción Remedios Diéguez Diéguez. |
| 260 |
_aBogotá : _bFondo Cultural Iberoamericano, _c2016. |
||
| 300 |
_a192 páginas : _bilustraciones en color ; 28 cm |
||
| 490 | _aPlan Nacional de Lectura y Escritura Leer es mi Cuento / Ministerio de Cultura | ||
| 650 | 1 | 4 |
_aDibujo Infantil _x Tecnicas _98816 |
| 650 | 1 | 4 |
_aIlustracion De Libros _yTecnicas _98815 |
| 650 | 1 | 4 |
_aIlustracion De Libros Infantiles _xTecnicas _98814 |
| 700 | 1 |
_aDiéguez Diéguez, Remedios _etraductor _98818 |
|
| 700 | 1 |
_aStyles, Morag _98817 |
|
| 942 |
_2ddc _cBK |
||
| 999 |
_c7646 _d7646 |
||